000 00904nas a2200289 4500
001 BR9500752
003 BR-BrBNA
005 20231205094239.0
007 ta
008 230509b bl.|||p| |||| 00| 00por d
040 _aBR-BrBNA
_bpor
_cBiblioteca Nacional de Agricultura
041 _a(Pt)
072 _aJ10; F03; Q80
100 1 _aAndreoli, D.M.C.
100 1 _aGroth, D.
100 1 _aRazera, L.F.
245 1 _aArmazenamento de sementes de cafe (Coffea canephora L. CV. Guarini)acondicionadas em dois tipos de embalagens apos secagem natural e artificial
650 _aSemente
650 _aCafe
650 _aSecagem
650 _aEmbalagem
650 _aArmazenamento
650 _aPoder Germinativo
773 0 _tRevista Brasileira de Sementes (Brazil)
_xISSN 0101-3122
_g(1993), v. 15(1) p. 87-95
_wBR9500752
909 _a202311
_bLúcia
_c55
_dLúcia Elande
942 _2AGRIS
_n0
_cANA
999 _c143070
_d143070